Loading...
Indoor gardening
| Main Author: | |
|---|---|
| Other Authors: | |
| Format: | Printed Book |
| Language: | Undetermined |
| Published: |
New Delhi
ICAR
1996
|
| Subjects: |
| LEADER | 00514nam a2200169Ia 4500 | ||
|---|---|---|---|
| 008 | 140316s9999 xx 000 0 und d | ||
| 082 | |a 635.9 |b VIS/IN | ||
| 100 | |a Vishnu swarup | ||
| 245 | |a Indoor gardening | ||
| 260 | |a New Delhi |b ICAR |c 1996 | ||
| 300 | |a 87 | ||
| 650 | |a Floriculture | ||
| 650 | |a house plants | ||
| 700 | |a Author | ||
| 942 | |2 ddc |c REF | ||
| 999 | |c 17657 |d 17657 | ||
| 952 | |0 0 |1 0 |2 ddc |4 0 |6 635_900000000000000_VISIN |7 0 |9 25276 |a KAUCLV |b KAUCLV |c REF |d 2014-03-18 |o 635.9 VIS/IN |p 202055 |r 2014-03-18 |w 2014-03-18 |y REF | ||